[Station thermale de Cambo-Les-Bains (Basses-Pyrénées]. (Record no. 133526)

MARC details
000 -LEADER
campo de control de longitud fija 00680nam a2200193 i 4500
001 - NÚMERO DE CONTROL
campo de control 133526
003 - IDENTIFICADOR DE NÚMERO DE CONTROL
campo de control ES-MaACL
005 - FECHA Y HORA DE LA ÚLTIMA TRANSACCIÓN
campo de control 20250904044544.0
007 - CAMPO FIJO DE DESCRIPCIÓN FÍSICA--INFORMACIÓN GENERAL
campo de control de longitud fija t|
008 - DATOS DE LONGITUD FIJA--INFORMACIÓN GENERAL
campo de control de longitud fija 160624q1884 fr ||||1| fre d
245 01 - MENCIÓN DEL TÍTULO
Título [Station thermale de Cambo-Les-Bains (Basses-Pyrénées].
260 ## - PUBLICACIÓN, DISTRIBUCIÓN, ETC.
Lugar de publicación, distribución, etc. [S.l. :
Nombre del editor, distribuidor, etc. s.n.,
Fecha de publicación, distribución, etc. 1884?] (
Lugar de fabricación/manufactura Paris :
Fabricante Typ. A. Parent)
300 ## - DESCRIPCIÓN FÍSICA
Extensión 8 p.. ;
Dimensiones 13 cm.
594 ## - Nota al título y mención de responsabilidad
Nota al título y mención de responsabilidad Ejemplar sin portada, datos del título tomados de principio del texto.
650 04 - PUNTO DE ACCESO ADICIONAL DE MATERIA--TÉRMINO DE MATERIA
Término de materia o nombre geográfico como elemento de entrada Balnearios-
Subdivisión geográfica Francia.
9 (RLIN) 10481
651 #7 - PUNTO DE ACCESO ADICIONAL DE MATERIA--NOMBRE GEOGRÁFICO
Nombre geográfico Cambo-les-Bains (Francia)
Fuente del encabezamiento o término
9 (RLIN) 159991
852 ## - LOCALIZACIÓN
Ubicación ES-MaACL
Número de control de estantería T-483-F-9
Nota libre .- Enc. en un vol. facticio falto de la cub. original
Holdings
Estatus retirado Estado de pérdida Estado de daño No para préstamo Colección Biblioteca de origen Biblioteca actual Ubicación en estantería Fecha de adquisición Fuente de adquisición Total de préstamos Signatura topográfica completa Código de barras Visto por última vez Precio de reemplazo Tipo de ítem Koha
        Colección de folletos Biblioteca del Ateneo de Madrid Biblioteca del Ateneo de Madrid Depósito folletos 24/06/2016     T-483-F-9 1195481 23/02/2023 23/02/2023 Folleto